More tales worth telling. (Record no. 12261)

000 -LEADER
fixed length control field 00590nam a2200193 a 4500
001 - CONTROL NUMBER
control field :::00010063$&:&@@
003 - CONTROL NUMBER IDENTIFIER
control field OkBaRHE
005 - DATE AND TIME OF LATEST TRANSACTION
control field 20000607103355.0
008 - FIXED-LENGTH DATA ELEMENTS--GENERAL INFORMATION
fixed length control field s1958 j 000 0 eng u
040 ## - CATALOGING SOURCE
Transcribing agency
100 1# - MAIN ENTRY--PERSONAL NAME
Personal name Belden, Albert David, 1833-
245 10 - TITLE STATEMENT
Title More tales worth telling.
260 ## - PUBLICATION, DISTRIBUTION, ETC. (IMPRINT)
Place of publication, distribution, etc London, UK:EN., :
Name of publisher, distributor, etc Independent Press Ltd.
Date of publication, distribution, etc c1958
300 ## - PHYSICAL DESCRIPTION
Extent 158 p. ;
Dimensions 19 cm.
650 ## - SUBJECT ADDED ENTRY--TOPICAL TERM
Topical term or geographic name as entry element Children's Sermons
650 ## - SUBJECT ADDED ENTRY--TOPICAL TERM
Topical term or geographic name as entry element Children's Stories
942 ## - ADDED ENTRY ELEMENTS (KOHA)
Source of classification or shelving scheme
Koha item type Books
Copies
Date acquired Source of classification or shelving scheme Permanent Location Price effective from Barcode Shelving location Lost status Withdrawn status Damaged status Copy number Full call number Not for loan Koha item type Date last seen
2010-04-14 RHEMA Bible Training College2010-04-1410063General Stacks   1BV 4315 .B366 Books2010-04-14